[Event "Ilichevsk Sunny Pawn op"]
[Site "Ilichevsk"]
[Date "2007.07.29"]
[Round "9"]
[White "Bakharev, Andrei"]
[Black "Petrushin, Alexander I"]
[Result "1-0"]
[WhiteElo "2117"]
[BlackElo "2474"]
[PlyCount "49"]
[EventDate "2007.07.20"]
[EventType "swiss"]
[EventRounds "11"]
[EventCountry "UKR"]
[SourceTitle "CBM 119 Extra"]
[Source "ChessBase"]
[SourceDate "2007.09.04"]
[SourceVersion "1"]
[SourceVersionDate "2007.09.04"]
[SourceQuality "1"]

1. d4 Nf6 2. c4 e5 3. dxe5 Ng4 4. Nf3 Nc6 5. e3 Ngxe5 6. Nxe5 Nxe5 7. Be2 Bd6 8. 0-0 0-0 9. Nc3 Qh4 10. f4 g5 11. g3 Qh6 12. fxe5 Bxe5 13. Nd5 Qd6 14. Nf6+ Kg7 15. Qxd6 Bxd6 16. Ne4 Be7 17. Bd2 f5 18. Bc3+ Kg8 19. Nd2 f4 20. exf4 Re8 21. Bh5 Bc5+ 22. Kg2 Re3 23. fxg5 b5 24. Bf7+ Kf8 25. Bd5+ 1-0

[Event "Centrocoop June op-B"]
[Site "Eforie Nord"]
[Date "1999.06.??"]
[Round "?"]
[White "Bakharev, Andrei"]
[Black "Nita, Lucian"]
[Result "1-0"]
[WhiteElo "2105"]
[BlackElo "2134"]
[PlyCount "58"]
[EventDate "1999.06.??"]
[EventType "swiss"]
[EventRounds "11"]
[EventCountry "ROU"]
[SourceTitle "EXT 2004"]
[Source "ChessBase"]
[SourceDate "2003.11.25"]
[SourceVersion "1"]
[SourceVersionDate "2003.11.25"]
[SourceQuality "1"]

1. d4 d5 2. c4 e6 3. Nc3 Nf6 4. Bg5 Be7 5. e3 0-0 6. cxd5 exd5 7. Bd3 h6 8. Bh4 b6 9. Rc1 c5 10. Nge2 Bb7 11. 0-0 Nbd7 12. dxc5 bxc5 13. Bb1 g6 14. Qc2 Ne4 15. Bxe7 Qxe7 16. Nxe4 dxe4 17. Rfd1 Rfd8 18. Nc3 Nf6 19. Rxd8+ Rxd8 20. Rd1 Rc8 21. Qa4 a6 22. Qc4 Qe5 23. Bc2 Ng4 24. h3 Qh2+ 25. Kf1 Ne5 26. Qb3 Bc6 27. Nxe4 Bxe4 28. Bxe4 Qh1+ 29. Ke2 Qxg2 1-0

[Event "Centrocoop June op-B"]
[Site "Eforie Nord"]
[Date "1999.06.??"]
[Round "?"]
[White "Dinu, Dumitru Daniel"]
[Black "Bakharev, Andrei"]
[Result "1-0"]
[WhiteElo "2165"]
[BlackElo "2105"]
[PlyCount "73"]
[EventDate "1999.06.??"]
[EventType "swiss"]
[EventRounds "11"]
[EventCountry "ROU"]
[SourceTitle "EXT 2004"]
[Source "ChessBase"]
[SourceDate "2003.11.25"]
[SourceVersion "1"]
[SourceVersionDate "2003.11.25"]
[SourceQuality "1"]

1. Nf3 Nf6 2. g3 d5 3. Bg2 c6 4. b3 Bg4 5. Bb2 Nbd7 6. 0-0 Bxf3 7. exf3 e6 8. d3 Be7 9. Nd2 0-0 10. f4 Ne8 11. Qe2 Bf6 12. d4 Nd6 13. Nf3 Be7 14. Bh3 Nf6 15. Rfe1 Re8 16. Ne5 Bf8 17. a4 Nde4 18. f3 Nd6 19. Qf2 Qc7 20. Kh1 Rac8 21. Re2 b6 22. Rae1 c5 23. g4 c4 24. Qh4 Be7 25. g5 Nd7 26. Nxf7 Nxf7 27. Bxe6 Nf8 28. Bxc8 Ng6 29. Qg4 Rxc8 30. f5 Bxg5 31. fxg6 hxg6 32. Qxc8+ Qxc8 33. Re8+ Qxe8 34. Rxe8+ Kh7 35. bxc4 dxc4 36. Ba3 Bf6 37. d5 1-0

[Event "Centrocoop June op-B"]
[Site "Eforie Nord"]
[Date "1998.??.??"]
[Round "?"]
[White "Bakharev, Andrei"]
[Black "Florea, Dan"]
[Result "1-0"]
[WhiteElo "2135"]
[BlackElo "1730"]
[PlyCount "94"]
[EventDate "1998.06.??"]
[EventType "swiss"]
[EventRounds "11"]
[EventCountry "ROU"]
[SourceTitle "EXT 2000"]
[Source "ChessBase"]
[SourceDate "1999.11.16"]
[SourceVersion "1"]
[SourceVersionDate "1999.11.16"]
[SourceQuality "1"]

1. d4 Nf6 2. c4 g6 3. Nc3 Bg7 4. e4 d6 5. f3 e5 6. Nge2 Nc6 7. Be3 exd4 8. Nxd4 Bd7 9. Qd2 0-0 10. g4 h5 11. h3 Re8 12. 0-0-0 a6 13. Kb1 Rb8 14. Be2 Nxd4 15. Bxd4 b5 16. g5 Nh7 17. Bxg7 Kxg7 18. h4 Bc6 19. Qd4+ Kg8 20. c5 b4 21. Nd5 Bxd5 22. Qxd5 Re5 23. Qxe5 dxe5 24. Rxd8+ Rxd8 25. Bxa6 Nf8 26. Bc4 Rd4 27. Rc1 Nd7 28. Bb5 Nf8 29. a4 bxa3 30. bxa3 Ne6 31. Bc4 Nf4 32. Rc2 Nd3 33. Bb5 Kg7 34. Rc3 Nf4 35. Kb2 Ng2 36. a4 Nxh4 37. a5 Rd8 38. Bc6 Rb8+ 39. Ka2 Ng2 40. a6 h4 41. a7 Rd8 42. a8Q Rd2+ 43. Kb3 h3 44. Qe8 Ne1 45. Qxe5+ Kg8 46. Qg3 Nxf3 47. Rxf3 h2 1-0

[Event "Centrocoop June op-B"]
[Site "Eforie Nord"]
[Date "1998.??.??"]
[Round "?"]
[White "Bakharev, Andrei"]
[Black "Soltanici, Ruslan"]
[Result "1/2-1/2"]
[WhiteElo "2135"]
[BlackElo "2045"]
[PlyCount "63"]
[EventDate "1998.06.??"]
[EventType "swiss"]
[EventRounds "11"]
[EventCountry "ROU"]
[SourceTitle "EXT 2000"]
[Source "ChessBase"]
[SourceDate "1999.11.16"]
[SourceVersion "1"]
[SourceVersionDate "1999.11.16"]
[SourceQuality "1"]

1. d4 Nf6 2. c4 e6 3. g3 d5 4. Bg2 Bd6 5. Nd2 c6 6. Ngf3 0-0 7. 0-0 b6 8. b3 Bb7 9. Bb2 a5 10. a3 Qe7 11. Re1 Nbd7 12. Qc2 c5 13. cxd5 exd5 14. dxc5 Bxc5 15. Qf5 Qe6 16. Qxe6 fxe6 17. Bh3 Rae8 18. Ng5 Bxf2+ 19. Kxf2 Ne4+ 20. Kg1 Nxg5 21. Bg2 Rc8 22. Rac1 Rxc1 23. Rxc1 Rc8 24. Rxc8+ Bxc8 25. h4 Nf7 26. b4 axb4 27. axb4 Nd6 28. e4 dxe4 29. Nxe4 Nxe4 30. Bxe4 Nf6 31. Bf3 Nd5 32. Bxd5 1/2-1/2

[Event "Centrocoop June op-B"]
[Site "Eforie Nord"]
[Date "1998.??.??"]
[Round "?"]
[White "Manu, Alina"]
[Black "Bakharev, Andrei"]
[Result "1/2-1/2"]
[WhiteElo "2035"]
[BlackElo "2135"]
[PlyCount "131"]
[EventDate "1998.06.??"]
[EventType "swiss"]
[EventRounds "11"]
[EventCountry "ROU"]
[SourceTitle "EXT 2000"]
[Source "ChessBase"]
[SourceDate "1999.11.16"]
[SourceVersion "1"]
[SourceVersionDate "1999.11.16"]
[SourceQuality "1"]

1. e4 e5 2. Nf3 Nc6 3. Bc4 Nf6 4. d3 Be7 5. 0-0 0-0 6. Bb3 d6 7. c3 Na5 8. Bc2 c5 9. Nbd2 Be6 10. Re1 Nc6 11. h3 h6 12. Nf1 Nh7 13. Bb3 Ng5 14. Nxg5 Bxg5 15. Bxg5 Qxg5 16. Re3 Bd7 17. Rg3 Qh4 18. Ne3 Rad8 19. Rf3 Ne7 20. Kh2 b5 21. g4 Bc6 22. Qg1 c4 23. Bc2 cxd3 24. Bxd3 d5 25. exd5 Nxd5 26. Nf5 Qf6 27. Rg3 g5 28. Be4 Ba8 29. Re1 Ne7 30. Nxe7+ Qxe7 31. Bxa8 Rxa8 32. Rge3 f6 33. Qg2 Kg7 34. Qe4 Qf7 35. Rd3 Rad8 36. Red1 Rxd3 37. Rxd3 Qxa2 38. Qb7+ Rf7 39. Qxb5 a6 40. Qb6 Qc4 41. Rf3 Qd5 42. Rf5 a5 43. b3 Kg6 44. c4 Qe4 45. Qd8 Qb7 46. Qg8+ Rg7 47. Qe8+ Rf7 48. Qg8+ Rg7 49. Qe8+ Qf7 50. Qb5 h5 51. Qxa5 hxg4 52. hxg4 Rh7+ 53. Kg3 Rh8 54. Qb6 Qe7 55. Qc6 Rd8 56. b4 Rd6 57. Qa8 Qe6 58. c5 Rd4 59. b5 Rxg4+ 60. Kxg4 Qxf5+ 61. Kg3 Qf4+ 62. Kg2 Qg4+ 63. Kf1 Qc4+ 64. Kg2 Qxb5 65. c6 Qd5+ 66. Kf1 1/2-1/2